| 000 | 00379nmm a2200145Ia 4500 | ||
|---|---|---|---|
| 008 | 251105s9999||||xx |||||||||||||||||und|| | ||
| 041 | _aspa | ||
| 100 | _aBrown, Sandra | ||
| 245 | 0 | _aIntuición | |
| 264 |
_a[Madrid, España] : _bEdiciones B, _c2015 |
||
| 300 | _a448 páginas | ||
| 650 | _aRomance | ||
| 856 | _uhttps://public.digitaliapublishing.com/a/54258 | ||
| 942 | _cCF | ||
| 999 |
_c105463 _d105463 |
||